00614nam a2200181Ia 4500008004100000082001300041100002500054245004600079250000800125260002700133300000800160500002400168650001200192942000700204952010200211952010200313999001700415230524s9999 xx 000 0 und d a420bLAK aK.R.Lakshminarayanan 0aEnglish for Technical Communication Vol-I a1ST aCHENNAIbScitechc2002 a219 aQuantity Number: 2 aEnglish cBK 00104070aTATCLbTATCLcGENd2023-05-24l0o420 LAKp6904r2023-05-24w2023-05-24yBKzHSSM4101 00104070aTATCLbTATCLcGENd2023-05-24l0o420 LAKp6905r2023-05-24w2023-05-24yBKzHSSM4101 c12458d12458